000 00647nam a2200193Ia 4500
003 GCL
008 140319s9999 xx 000 0 ara d
020 _a9069001977
040 _aGCL /
_cGCL
082 0 4 _a150.195
_bع ن
100 1 _aعبدالفتاح الديدى
245 1 0 _aالنفسانية المنطقية عند جون ستيوارت مل /
_cعبدالفتاح الديدى
260 _aالقاهرة :
_bالهيئة المصرية العامة للكتاب ،
_c1985
300 _a219 ص ؛
_c24 سم
650 0 4 _aعلم النفس
650 0 4 _aنظريات
650 0 4 _aجون ستيوارت ميل
942 _2ddc
_cBK
999 _c27881
_d27881